[Event "DEM U12/U12w 2000"]
[Site "Überlingen GER"]
[Date "2000.06.06"]
[Round "5"]
[White "Armbrust, Florian"]
[Black "Braun, Arik"]
[Result "0-1"]
[Termination "normal"]
[Board "1"]
[WhiteElo "1747"]
[BlackElo "2139"]
[PlyCount "112"]
[WhiteFideId "4691350"]
[BlackFideId "4663527"]
[EventCountry "GER"]
[EventRounds "11"]
[EventType "swiss"]
[EventDate "2000.06.03"]

1. e4 c6 2. d4 d5 3. e5 Bf5 4. h4 h5 5. Bd3 Bxd3 6. Qxd3 e6 7. Nf3 Nd7 8. Bg5
Qb6 9. Qb3 Ne7 10. Bxe7 Bxe7 11. Nbd2 c5 12. c3 Qa6 13. O-O-O c4 14. Qc2 Qxa2
15. Nf1 b5 16. Ng3 Rb8 17. Kd2 Qa6 18. Ra1 Qb7 19. Ne2 Nb6 20. Nf4 Kd7 21. Ng5
Rbf8 22. Ra5 Nc8 23. Rha1 Bd8 24. Ra6 Bb6 25. g3 Rh6 26. Qd1 g6 27. Qc2 Ne7 28.
Ke2 Nf5 29. Qd2 Ke7 30. Kf1 Qd7 31. Qe2 Rb8 32. Kg2 Kf8 33. Qd2 Kg7 34. Qd1
Rhh8 35. Qd2 Rb7 36. Qd1 Rc7 37. Qd2 Rc6 38. Qd1 Qb7 39. R1a2 Ne7 40. Qf3 Nf5
41. Qd1 Ra8 42. Qa1 Ne7 43. Qd1 Nf5 44. Qa1 b4 45. Kh3 Qd7 46. Kg2 Rb8 47. Kh3
Rb7 48. Kg2 Rc8 49. Kh3 Ra8 50. f3 Qe7 51. Qb1 bxc3 52. g4 hxg4+ 53. fxg4 Rh8
54. gxf5 Qxg5 55. f6+ Kg8 56. Ng2 Bxd4 0-1

[Event "DEM U12/U12w 2000"]
[Site "Überlingen GER"]
[Date "2000.06.06"]
[Round "5"]
[White "Figura, Atila"]
[Black "Behm, Simon"]
[Result "1/2-1/2"]
[Termination "normal"]
[Board "2"]
[WhiteElo "1789"]
[BlackElo "1712"]
[PlyCount "38"]
[WhiteFideId "4688058"]
[BlackFideId "4691962"]
[EventCountry "GER"]
[EventRounds "11"]
[EventType "swiss"]
[EventDate "2000.06.03"]

1. e4 c6 2. d3 d5 3. Nd2 e5 4. Ngf3 Bg4 5. c3 Nf6 6. Qc2 Bd6 7. h3 Bxf3 8. Nxf3
dxe4 9. dxe4 Nbd7 10. Be3 Qc7 11. Rd1 Bc5 12. Bc1 O-O 13. Bc4 Rad8 14. O-O Nb6
15. Bb3 h6 16. Qe2 Rfe8 17. Nh4 Nc8 18. Qf3 Rxd1 19. Rxd1 Rd8 1/2-1/2

[Event "DEM U12/U12w 2000"]
[Site "Überlingen GER"]
[Date "2000.06.06"]
[Round "5"]
[White "Frübing, Stefan"]
[Black "Feuerstack, Aljoscha"]
[Result "1-0"]
[Termination "normal"]
[Board "3"]
[WhiteElo "1724"]
[BlackElo "1543"]
[PlyCount "87"]
[WhiteFideId "4682165"]
[BlackFideId "4681932"]
[EventCountry "GER"]
[EventRounds "11"]
[EventType "swiss"]
[EventDate "2000.06.03"]

1. e4 c5 2. Nc3 e6 3. g3 Nc6 4. Bg2 Nf6 5. d3 Be7 6. Nge2 O-O 7. O-O d5 8. exd5
exd5 9. d4 c4 10. Bg5 Be6 11. Qd2 Qd7 12. Rae1 h6 13. Be3 Rab8 14. Bf4 Rbc8 15.
a3 a6 16. Na4 Rce8 17. Nac3 b5 18. Ra1 Bh3 19. Be3 Bxg2 20. Kxg2 Bd8 21. Rfe1
Ba5 22. Qd1 Ne4 23. Nxe4 Rxe4 24. c3 Rfe8 25. Qc2 Bb6 26. Rad1 a5 27. Ng1 b4
28. axb4 axb4 29. Ra1 Qb7 30. Qa4 Rc8 31. Nf3 Ree8 32. Qa6 Rc7 33. Bf4 Rxe1 34.
Qa8+ Qxa8 35. Rxa8+ Kh7 36. Bxc7 Rb1 37. Bxb6 Rxb2 38. cxb4 c3 39. Rc8 Nxb4 40.
Rxc3 Rc2 41. Rxc2 Nxc2 42. Bc5 f6 43. Kf1 Na1 44. Nd2 1-0

[Event "DEM U12/U12w 2000"]
[Site "Überlingen GER"]
[Date "2000.06.06"]
[Round "5"]
[White "Rehberg, Raphael"]
[Black "Dück, Stefan"]
[Result "1/2-1/2"]
[Termination "normal"]
[Board "4"]
[WhiteElo "1483"]
[BlackElo "1740"]
[PlyCount "112"]
[WhiteFideId "4686799"]
[BlackFideId "4681355"]
[EventCountry "GER"]
[EventRounds "11"]
[EventType "swiss"]
[EventDate "2000.06.03"]

1. e4 c5 2. Nf3 e6 3. d4 cxd4 4. Nxd4 a6 5. Nc3 b5 6. Bd3 Qb6 7. Nb3 Qc7 8. O-O
Bb7 9. Re1 d6 10. Bd2 Nf6 11. a4 b4 12. Na2 a5 13. c3 bxc3 14. Nxc3 Nbd7 15.
Rc1 Qb6 16. Nb5 Nc5 17. Nxc5 dxc5 18. Qc2 Rc8 19. Na3 Ng4 20. Nc4 Qa7 21. Bxa5
Ba6 22. Bc3 Bxc4 23. Bxc4 Bd6 24. h3 Ne5 25. Bb5+ Ke7 26. Red1 Rhd8 27. Ra1 c4
28. Bd4 Qc7 29. a5 Bc5 30. Qc3 Bxd4 31. Rxd4 Qc5 32. Rxd8 Rxd8 33. Qa3 Qxa3 34.
Rxa3 Kd6 35. a6 Kc5 36. Ba4 Ra8 37. Bd1 Kb6 38. Kf1 Rxa6 39. Rxa6+ Kxa6 40. Be2
Ka5 41. Ke1 Kb4 42. Kd2 Kb3 43. Kc1 Nd3+ 44. Bxd3 cxd3 45. Kd2 Kc4 46. b3+ Kxb3
47. Kxd3 e5 48. h4 h5 49. f3 Kb4 50. g4 g6 51. Ke3 Kc3 52. g5 Kc4 53. f4 exf4+
54. Kxf4 Kd4 55. Kf3 Kd3 56. Kf4 Kd4 1/2-1/2

[Event "DEM U12/U12w 2000"]
[Site "Überlingen GER"]
[Date "2000.06.06"]
[Round "5"]
[White "Lutz, Dieter"]
[Black "Babczyk, Adrian"]
[Result "1-0"]
[Termination "normal"]
[Board "5"]
[WhiteElo "2185"]
[BlackElo "1407"]
[PlyCount "47"]
[WhiteFideId "4667565"]
[BlackFideId "24608700"]
[EventCountry "GER"]
[EventRounds "11"]
[EventType "swiss"]
[EventDate "2000.06.03"]

1. e4 e6 2. d4 d5 3. Nd2 dxe4 4. Nxe4 Nd7 5. Nf3 Ngf6 6. Ng3 Bd6 7. Bd3 b6 8.
O-O Bb7 9. Re1 Bxg3 10. hxg3 c5 11. dxc5 Bxf3 12. Qxf3 Nxc5 13. Bb5+ Ncd7 14.
Bg5 O-O 15. Bxd7 Qxd7 16. Bxf6 gxf6 17. Qxf6 Qd2 18. Re4 Rfc8 19. Rg4+ Kf8 20.
Rg7 Rc7 21. Rxh7 Ke8 22. Rh8+ Kd7 23. Rxa8 Qxc2 24. Qd4+ 1-0

[Event "DEM U12/U12w 2000"]
[Site "Überlingen GER"]
[Date "2000.06.06"]
[Round "5"]
[White "Brener, Ilja"]
[Black "Cara, Bogdan"]
[Result "1-0"]
[Termination "normal"]
[Board "6"]
[WhiteElo "1701"]
[BlackElo "1376"]
[PlyCount "113"]
[WhiteFideId "4688201"]
[EventCountry "GER"]
[EventRounds "11"]
[EventType "swiss"]
[EventDate "2000.06.03"]

1. d4 e6 2. Nf3 f5 3. g3 Nf6 4. Bg2 d5 5. O-O Bd6 6. c4 c6 7. b3 O-O 8. Ba3
Bxa3 9. Nxa3 Qc7 10. e3 Bd7 11. Nc2 Be8 12. Nce1 Bh5 13. Qc2 Nbd7 14. Nd3 Bxf3
15. Bxf3 Ne4 16. Nf4 Rf6 17. cxd5 Ng5 18. Bg2 Qd6 19. dxe6 Nxe6 20. Nxe6 Qxe6
21. Qc4 Qxc4 22. bxc4 Re8 23. Rab1 b6 24. Rfc1 g6 25. a4 Ra8 26. Rd1 Rd8 27. a5
bxa5 28. Ra1 Rc8 29. Rxa5 Rc7 30. Rda1 Nb6 31. c5 Nc8 32. Bf1 Rff7 33. Bc4 Kf8
34. Bxf7 Kxf7 35. R5a2 Ke6 36. Kf1 Rb7 37. Ke2 h6 38. Kd2 Kd5 39. Kc2 g5 40.
Rb1 Rc7 41. Rab2 Ke6 42. Rb7 Kd7 43. Rxc7+ Kxc7 44. f3 h5 45. e4 fxe4 46. fxe4
h4 47. d5 hxg3 48. hxg3 g4 49. Rh1 a5 50. Rh7+ Kd8 51. d6 a4 52. e5 Ke8 53. e6
Kf8 54. d7 Kg8 55. Rf7 Nd6 56. d8=Q+ Ne8 57. Qxe8# 1-0

[Event "DEM U12/U12w 2000"]
[Site "Überlingen GER"]
[Date "2000.06.06"]
[Round "5"]
[White "Abel, Dennes"]
[Black "Bäumler, Ilja"]
[Result "0-1"]
[Termination "normal"]
[Board "7"]
[WhiteElo "1348"]
[BlackElo "1687"]
[PlyCount "89"]
[WhiteFideId "24605417"]
[BlackFideId "4681070"]
[EventCountry "GER"]
[EventRounds "11"]
[EventType "swiss"]
[EventDate "2000.06.03"]

1. d4 Nf6 2. c4 g6 3. Nc3 Bg7 4. e4 d6 5. Nf3 O-O 6. Be2 Nbd7 7. O-O e5 8. h3
c6 9. d5 Qe7 10. Ne1 c5 11. a3 h6 12. b4 Ne8 13. bxc5 Nxc5 14. Be3 b6 15. a4 f5
16. f3 Nf6 17. Bd3 Nh5 18. Bf2 Nf4 19. Ne2 fxe4 20. Bxe4 Qg5 21. Ng3 h5 22. Kh2
h4 23. Ne2 Nh5 24. Qc1 Qxc1 25. Nxc1 Ng3 26. Bxg3 hxg3+ 27. Kg1 Nxe4 28. fxe4
Rxf1+ 29. Kxf1 Ba6 30. Ne2 Bxc4 31. Nf3 Bd3 32. Ra3 Bxe4 33. Nc3 Bd3+ 34. Ke1
e4 35. Ng5 Bxc3+ 36. Rxc3 Rf8 37. Ne6 Rf1+ 38. Kd2 Rf2+ 39. Ke1 Rxg2 40. Rc8+
Kf7 41. Rf8+ Ke7 42. Ra8 e3 43. Rxa7+ Kf6 44. Rf7+ Kxf7 45. Ng5+ 0-1

[Event "DEM U12/U12w 2000"]
[Site "Überlingen GER"]
[Date "2000.06.06"]
[Round "5"]
[White "Wenger, Carsten"]
[Black "Lieder, Konrad"]
[Result "1/2-1/2"]
[Termination "normal"]
[Board "8"]
[WhiteElo "1567"]
[BlackElo "1323"]
[PlyCount "129"]
[BlackFideId "4692721"]
[EventCountry "GER"]
[EventRounds "11"]
[EventType "swiss"]
[EventDate "2000.06.03"]

1. e4 e5 2. Nf3 Nf6 3. Nxe5 d6 4. Nf3 Nxe4 5. d3 Nf6 6. Bg5 Be7 7. Nc3 Nc6 8.
Be2 O-O 9. O-O h6 10. Bh4 Bg4 11. Qd2 Re8 12. Rfe1 Qd7 13. Rad1 d5 14. d4 a6
15. Bg3 Bd6 16. Bh4 Ne4 17. Nxe4 dxe4 18. d5 exf3 19. dxc6 Qxc6 20. Bxf3 Bxf3
21. gxf3 Qxf3 22. Bg3 Qg4 23. Kh1 Bxg3 24. hxg3 Qh5+ 25. Kg1 Qb5 26. b3 a5 27.
Qf4 Qc6 28. c4 Rad8 29. Qf5 b6 30. Kh2 a4 31. Rxd8 Rxd8 32. Re7 Qg6 33. Qxg6
fxg6 34. Rxc7 Rd2 35. Kg2 Rxa2 36. bxa4 Rxa4 37. Rc6 Kh7 38. Rxb6 Rxc4 39. Kf3
h5 40. Rb5 Kh6 41. Rb6 Rc5 42. Kf4 Rf5+ 43. Ke3 Rf6 44. Rb5 g5 45. Rb4 g4 46.
Rb5 g6 47. Ke2 Rf5 48. Rb6 Kg5 49. Kf1 Rf6 50. Rb5+ Kh6 51. Kg2 Rf3 52. Ra5 Rf5
53. Ra6 Kg5 54. Rb6 Re5 55. Ra6 Re1 56. Ra5+ Kh6 57. Ra6 Rc1 58. Rb6 Rc2 59.
Ra6 Rc3 60. Rb6 h4 61. gxh4 Rh3 62. Rb8 Rxh4 63. Kg3 Rh5 64. Kxg4 Rg5+ 65. Kf4
1/2-1/2

[Event "DEM U12/U12w 2000"]
[Site "Überlingen GER"]
[Date "2000.06.06"]
[Round "5"]
[White "Boss, Igor"]
[Black "Hofmann, Annett"]
[Result "1/2-1/2"]
[Termination "normal"]
[Board "9"]
[WhiteElo "1540"]
[BlackElo "1326"]
[PlyCount "79"]
[BlackFideId "24603759"]
[EventCountry "GER"]
[EventRounds "11"]
[EventType "swiss"]
[EventDate "2000.06.03"]

1. d4 Nf6 2. c4 e6 3. Nf3 b6 4. Nc3 Bb4 5. Bd2 Bb7 6. e3 O-O 7. Be2 d5 8. O-O
Nbd7 9. Rc1 c5 10. cxd5 Bxc3 11. Bxc3 Bxd5 12. h3 Ne4 13. Bd3 Ndf6 14. Nd2 cxd4
15. Bxd4 Nxd2 16. Qxd2 Bxa2 17. Qc3 Bd5 18. Bxf6 Qxf6 19. Qxf6 gxf6 20. Ba6 Kh8
21. Rc7 Rg8 22. g3 e5 23. Rfc1 Be6 24. h4 Rgd8 25. Be2 a6 26. Bf3 Rac8 27. Rxc8
Rxc8 28. Rxc8+ Bxc8 29. Kf1 Kg7 30. Ke2 f5 31. Kd2 Kf6 32. Kc3 e4 33. Be2 Ke5
34. Bc4 f6 35. Bg8 h6 36. Bc4 Bb7 37. Bf1 Bc8 38. Be2 Kd5 39. Kb4 Kc6 40. Bf1
1/2-1/2

[Event "DEM U12/U12w 2000"]
[Site "Überlingen GER"]
[Date "2000.06.06"]
[Round "5"]
[White "Siebarth, Raiko"]
[Black "Grimberg, Boris"]
[Result "1/2-1/2"]
[Termination "normal"]
[Board "10"]
[WhiteElo "1488"]
[BlackElo "1278"]
[PlyCount "72"]
[WhiteFideId "4674766"]
[BlackFideId "4697499"]
[EventCountry "GER"]
[EventRounds "11"]
[EventType "swiss"]
[EventDate "2000.06.03"]

1. d4 d5 2. c4 e6 3. Nc3 Nf6 4. Bg5 Nbd7 5. cxd5 exd5 6. e3 c6 7. Bd3 Bd6 8.
Nge2 O-O 9. Qc2 h6 10. Bf4 Bxf4 11. Nxf4 Re8 12. O-O Nf8 13. b4 b6 14. Na4 Bd7
15. Rab1 Rc8 16. Qb3 Ne4 17. Bxe4 dxe4 18. Rfd1 Ne6 19. d5 Nxf4 20. dxc6 Nh3+
21. gxh3 Qg5+ 22. Kh1 Bxh3 23. Rg1 Qf5 24. Rg3 Rxc6 25. Rbg1 g5 26. Qd1 g4 27.
Rxh3 h5 28. Qe2 Rec8 29. f3 exf3 30. Qxf3 Qxf3+ 31. Rxf3 Rc2 32. Rf5 Rxa2 33.
Rxh5 Rcc2 34. Rxg4+ Kf8 35. Nxb6 axb6 36. Rg1 Rab2 1/2-1/2

[Event "DEM U12/U12w 2000"]
[Site "Überlingen GER"]
[Date "2000.06.06"]
[Round "5"]
[White "Horstmann, Sven"]
[Black "Blome, Thomas"]
[Result "0-1"]
[Termination "normal"]
[Board "11"]
[WhiteElo "1252"]
[BlackElo "1465"]
[PlyCount "64"]
[EventCountry "GER"]
[EventRounds "11"]
[EventType "swiss"]
[EventDate "2000.06.03"]

1. e4 c5 2. Nc3 Nc6 3. g3 d6 4. Bg2 g6 5. d3 Bg7 6. Be3 Bd7 7. Qd2 a6 8. f4 Nf6
9. h3 O-O 10. Nf3 b5 11. O-O b4 12. Ne2 a5 13. g4 a4 14. Ng3 Qb6 15. Rab1 Qa5
16. Qf2 Be6 17. e5 Nd5 18. Ng5 Nxe3 19. Qxe3 Bd7 20. e6 Bd4 21. Qxd4 cxd4 22.
exd7 Qc7 23. f5 Qxd7 24. f6 e6 25. Rbc1 h6 26. Nf3 d5 27. g5 Qd6 28. Ne2 e5 29.
gxh6 e4 30. Nfxd4 Nxd4 31. Nxd4 Qc5 32. c3 a3 0-1

[Event "DEM U12/U12w 2000"]
[Site "Überlingen GER"]
[Date "2000.06.06"]
[Round "5"]
[White "Collmann, Jan"]
[Black "Mijatovic, Vladimir"]
[Result "0-1"]
[Termination "normal"]
[Board "12"]
[WhiteElo "1076"]
[BlackElo "1389"]
[PlyCount "90"]
[BlackFideId "934062"]
[EventCountry "GER"]
[EventRounds "11"]
[EventType "swiss"]
[EventDate "2000.06.03"]

1. e4 c5 2. Nc3 d6 3. g3 g6 4. f4 e6 5. d3 Bg7 6. Bg2 Ne7 7. Nf3 a6 8. O-O Qc7
9. Be3 Nbc6 10. Rf2 b5 11. Rb1 Bb7 12. Qd2 Qa5 13. Ra1 b4 14. Nd1 Qb5 15. Nh4
f5 16. Nf3 h6 17. exf5 exf5 18. Re2 O-O 19. Nh4 Kh7 20. Bf2 a5 21. Qe1 Rae8 22.
Kf1 a4 23. Bxc6 Qxc6 24. Rxe7 Qh1+ 25. Bg1 g5 26. Rxe8 gxh4 27. Nf2 Qg2+ 28.
Ke2 Rxe8+ 29. Kd2 Rxe1 30. Rxe1 hxg3 31. hxg3 Qxg3 32. Nd1 Bf3 33. Be3 Bxd1 34.
Kxd1 Bxb2 35. Bd2 Qf3+ 36. Re2 Bc3 37. Bxc3 bxc3 38. Ke1 Qxf4 39. Re7+ Kg6 40.
Re2 Kg5 41. Rf2 Qc1+ 42. Ke2 Qxc2+ 43. Kf1 Qxd3+ 44. Kg1 c2 45. Rg2+ Kf6 0-1

[Event "DEM U12/U12w 2000"]
[Site "Überlingen GER"]
[Date "2000.06.06"]
[Round "5"]
[White "Ollenberger, Roland"]
[Black "von der Ahe, Florian"]
[Result "0-1"]
[Termination "normal"]
[Board "13"]
[WhiteElo "1457"]
[BlackElo "1132"]
[PlyCount "102"]
[WhiteFideId "24608440"]
[BlackFideId "12970506"]
[EventCountry "GER"]
[EventRounds "11"]
[EventType "swiss"]
[EventDate "2000.06.03"]

1. e4 c5 2. Nf3 Nc6 3. d4 cxd4 4. Nxd4 Nf6 5. Nc3 e6 6. Be3 Bb4 7. f3 d5 8. Bb5
Bd7 9. Bxc6 bxc6 10. e5 Ng8 11. O-O Bxc3 12. bxc3 Ne7 13. Nb3 O-O 14. Bc5 Re8
15. Nd2 Qa5 16. Bb4 Qb6+ 17. Kh1 Nf5 18. Qc1 Qc7 19. f4 Ne3 20. Rf3 Ng4 21. Bd6
Qb6 22. Nb3 Nf2+ 23. Rxf2 Qxf2 24. Nc5 Rad8 25. Rb1 Bc8 26. Nd3 Qh4 27. Nb4 Bd7
28. Na6 Rc8 29. Rb7 Red8 30. Nc5 Be8 31. Be7 Qf2 32. Nd3 Qe2 33. Bxd8 Rxd8 34.
Rxa7 h6 35. Rb7 Ra8 36. Rb2 f6 37. h3 Bg6 38. Nc5 fxe5 39. Nxe6 Be4 40. Qg1 Re8
41. Nc5 exf4 42. Nxe4 Rxe4 43. Kh2 f3 44. Kg3 f2 45. Rb8+ Kh7 46. Qxf2 Re3+ 47.
Qf3 Rxf3+ 48. Kh2 Qe5+ 49. Kg1 Qe1+ 50. Kh2 Qg3+ 51. Kg1 Rf2 0-1

[Event "DEM U12/U12w 2000"]
[Site "Überlingen GER"]
[Date "2000.06.06"]
[Round "5"]
[White "Köhn, Kai-Uwe"]
[Black "Aghadjanian, Aida"]
[Result "1/2-1/2"]
[Termination "normal"]
[Board "14"]
[WhiteElo "1389"]
[BlackElo "1039"]
[PlyCount "44"]
[EventCountry "GER"]
[EventRounds "11"]
[EventType "swiss"]
[EventDate "2000.06.03"]

1. d4 e6 2. c4 d5 3. Nc3 c5 4. e3 Nc6 5. dxc5 Bxc5 6. cxd5 exd5 7. Qxd5 Bb4 8.
Qxd8+ Nxd8 9. Bd2 Bf5 10. Nf3 a6 11. a3 Bd6 12. Be2 Nf6 13. O-O O-O 14. Nd4 Bg6
15. Bf3 Rb8 16. Rac1 Re8 17. Bd1 Ne6 18. Nxe6 Rxe6 19. Bc2 Ng4 20. h3 Ne5 21.
Bb3 Ree8 22. Nd5 Nd3 1/2-1/2

[Event "DEM U12/U12w 2000"]
[Site "Überlingen GER"]
[Date "2000.06.06"]
[Round "5"]
[White "Klaiber, Markus"]
[Black "Fervers, Lukas"]
[Result "0-1"]
[Termination "normal"]
[Board "15"]
[WhiteElo "1078"]
[BlackElo "1359"]
[PlyCount "78"]
[EventCountry "GER"]
[EventRounds "11"]
[EventType "swiss"]
[EventDate "2000.06.03"]

1. e4 c5 2. Nf3 d6 3. d4 cxd4 4. Nxd4 Nf6 5. Nc3 Nc6 6. Bb5 Bd7 7. Bxc6 bxc6 8.
O-O e5 9. Nb3 Be6 10. Be3 Qc7 11. Re1 Be7 12. Qd3 O-O 13. h3 Rfd8 14. Rad1 Rac8
15. Qa6 Rd7 16. Bxa7 Ra8 17. Qb6 Rxa7 18. Qxc7 Raxc7 19. Rd3 Rd8 20. Red1 Bxb3
21. axb3 Rcd7 22. f3 Kf8 23. Kf2 Ke8 24. Ne2 Nh5 25. Ke3 Bg5+ 26. Kf2 Nf4 27.
Nxf4 Bxf4 28. g3 Bg5 29. h4 Bf6 30. Kg2 d5 31. exd5 Rxd5 32. Kh1 Rxd3 33. Rxd3
Rxd3 34. cxd3 Ke7 35. g4 g5 36. hxg5 Bxg5 37. Kg2 Kd6 38. Kf2 Kd5 39. b4 Kd4
0-1

[Event "DEM U12/U12w 2000"]
[Site "Überlingen GER"]
[Date "2000.06.06"]
[Round "5"]
[White "Schiwarth, Nino"]
[Black "Kulakov, Yurij"]
[Result "1-0"]
[Termination "normal"]
[Board "16"]
[WhiteElo "1096"]
[BlackElo "1338"]
[PlyCount "107"]
[EventCountry "GER"]
[EventRounds "11"]
[EventType "swiss"]
[EventDate "2000.06.03"]

1. e4 c5 2. Nf3 d6 3. d4 cxd4 4. Nxd4 Nf6 5. Nc3 g6 6. Be3 Bg7 7. f3 O-O 8. Qd2
Nc6 9. Bc4 Bd7 10. g4 Rc8 11. Bb3 Ne5 12. h4 Nfxg4 13. fxg4 Nxg4 14. O-O-O Nxe3
15. Qxe3 Qb6 16. Nd5 Qd8 17. h5 Re8 18. hxg6 hxg6 19. Rh6 e6 20. Nc3 Qf6 21.
Ndb5 Bxb5 22. Nxb5 Qxb2+ 23. Kd2 Rxc2+ 24. Bxc2 Bxh6 25. Qxh6 Qxb5 26. Qe3 Qa5+
27. Qc3 Qg5+ 28. Qe3 Qe5 29. Qxa7 Rc8 30. Qa4 Qf4+ 31. Kd3 d5 32. exd5 Qf3+ 33.
Kd2 exd5 34. Re1 Qc3+ 35. Kd1 b6 36. Qb3 Qd4+ 37. Qd3 Qa1+ 38. Kd2 Qxa2 39. Re5
Qa5+ 40. Ke2 Qc5 41. Bb3 Qc1 42. Rxd5 Qb2+ 43. Ke1 Re8+ 44. Kd1 Qa1+ 45. Kc2
Rc8+ 46. Kd2 Qc1+ 47. Ke2 Re8+ 48. Kf2 Qe1+ 49. Kf3 Qh1+ 50. Kf2 Re1 51. Rg5
Qh4+ 52. Rg3 Rh1 53. Qxg6+ Kf8 54. Qxf7# 1-0

[Event "DEM U12/U12w 2000"]
[Site "Überlingen GER"]
[Date "2000.06.06"]
[Round "5"]
[White "Henneberg, Olga"]
[Black "Lubbe, Alexander"]
[Result "1-0"]
[Termination "normal"]
[Board "17"]
[WhiteElo "1273"]
[BlackElo "1072"]
[PlyCount "136"]
[EventCountry "GER"]
[EventRounds "11"]
[EventType "swiss"]
[EventDate "2000.06.03"]

1. c4 e5 2. Nc3 Nf6 3. Nf3 Nc6 4. g3 Bb4 5. Bg2 d6 6. d3 h6 7. Bd2 Be6 8. O-O
Qd7 9. a3 Bxc3 10. bxc3 Ne7 11. Rb1 c6 12. Rb3 g5 13. Qb1 Rb8 14. Be3 b5 15. a4
a6 16. Qb2 Ng6 17. axb5 cxb5 18. Ra1 Ke7 19. Rxa6 Ne8 20. Rxb5 Nc7 21. Rxb8
Rxb8 22. Qxb8 Nxa6 23. Qb5 Nc7 24. Qxd7+ Kxd7 25. Nd2 d5 26. cxd5 Nxd5 27. Bxd5
Bxd5 28. c4 Bb7 29. Kf1 Kd6 30. Ke1 f5 31. Kd1 f4 32. Bb6 Ke6 33. Nb3 Kf5 34.
Na5 Bc8 35. c5 Ne7 36. Nc4 Ba6 37. Nd6+ Ke6 38. Kc2 Nf5 39. Nxf5 Kxf5 40. Kc3
e4 41. c6 fxg3 42. fxg3 h5 43. c7 exd3 44. exd3 Ke6 45. d4 Kd6 46. Kb4 Kc6 47.
Ka5 Bc8 48. d5+ Kxd5 49. Kb5 Ke4 50. Kc6 Kf3 51. Bd4 g4 52. Kd6 Kg2 53. Bf6
Kxh2 54. Bh4 Kg2 55. Ke7 Kf3 56. Kd8 Ba6 57. c8=Q Bxc8 58. Kxc8 Ke4 59. Kd7 Kf5
60. Ke7 Kg6 61. Ke6 Kg7 62. Kf5 Kh6 63. Kf6 Kh7 64. Kg5 Kg7 65. Kxh5 Kh7 66.
Kxg4 Kg6 67. Kf4 Kh5 68. g4+ Kg6 1-0

[Event "DEM U12/U12w 2000"]
[Site "Überlingen GER"]
[Date "2000.06.06"]
[Round "5"]
[White "Hummel, Helmut"]
[Black "Scholtes, Benedikt"]
[Result "1/2-1/2"]
[Termination "normal"]
[Board "18"]
[WhiteElo "682"]
[BlackElo "1223"]
[PlyCount "131"]
[BlackFideId "24675423"]
[EventCountry "GER"]
[EventRounds "11"]
[EventType "swiss"]
[EventDate "2000.06.03"]

1. e4 c5 2. Nf3 Nc6 3. d4 cxd4 4. Nxd4 Nxd4 5. Qxd4 d6 6. e5 Qa5+ 7. Qc3 Qxe5+
8. Qxe5 dxe5 9. Bb5+ Bd7 10. Bxd7+ Kxd7 11. O-O Nf6 12. Rd1+ Ke8 13. b3 e6 14.
Bb2 e4 15. Nc3 Bc5 16. Re1 e3 17. fxe3 Rd8 18. Na4 Bb4 19. c3 Be7 20. Rad1 Rxd1
21. Rxd1 b5 22. c4 bxa4 23. Bd4 axb3 24. axb3 a5 25. c5 Bd8 26. Be5 Nd5 27. Kf2
f6 28. Bd6 Bc7 29. Bxc7 Nxc7 30. c6 Nd5 31. e4 Nb4 32. c7 Ke7 33. Ke3 Rc8 34.
Rc1 Na6 35. Ra1 Nxc7 36. Rxa5 Rb8 37. Ra3 Kd6 38. Kd3 Kc5 39. Ra7 Rxb3+ 40. Kc2
Rb6 41. Rxc7+ Rc6 42. Rxg7 Kd4+ 43. Kd2 Kxe4 44. Rxh7 f5 45. Rh4+ f4 46. g3 e5
47. h3 Rd6+ 48. Ke2 Rd3 49. gxf4 Re3+ 50. Kf2 exf4 51. Kg2 Re2+ 52. Kf1 Rc2 53.
Rh5 f3 54. Rh8 Kf4 55. Rf8+ Kg3 56. Rg8+ Kxh3 57. Rh8+ Kg3 58. Rg8+ Kf4 59.
Rf8+ Ke3 60. Re8+ Kd3 61. Rd8+ Ke4 62. Re8+ Kd5 63. Rd8+ Ke6 64. Rf8 Rc1+ 65.
Kf2 Ke5 66. Rxf3 1/2-1/2

[Event "DEM U12/U12w 2000"]
[Site "Überlingen GER"]
[Date "2000.06.06"]
[Round "5"]
[White "Lörincz, Benjamin"]
[Black "Schneider, Christian"]
[Result "0-1"]
[Termination "normal"]
[Board "19"]
[WhiteElo "1137"]
[BlackElo "1028"]
[PlyCount "118"]
[BlackFideId "24613886"]
[EventCountry "GER"]
[EventRounds "11"]
[EventType "swiss"]
[EventDate "2000.06.03"]

1. Nf3 d5 2. d4 c6 3. e3 Nf6 4. Nbd2 Nbd7 5. Be2 e6 6. b3 Be7 7. Bb2 O-O 8. O-O
Qc7 9. Rc1 b6 10. c4 Bb7 11. Rc2 Rac8 12. Qb1 a5 13. Rfc1 dxc4 14. Bxc4 c5 15.
dxc5 Nxc5 16. a3 Qb8 17. b4 axb4 18. axb4 Nce4 19. Be2 Nxd2 20. Rxd2 Bxf3 21.
Bxf3 Rxc1+ 22. Bxc1 Rc8 23. Rd4 Qc7 24. Bd2 e5 25. Rd3 Qc2 26. Qf1 e4 27. Bd1
Qxd3 28. Qxd3 exd3 29. f4 Ne4 30. Bg4 Rc4 31. Be1 d2 32. Bxd2 Nxd2 33. b5 Ne4
34. Be2 Rc1+ 35. Bf1 Bc5 36. g3 Nd2 37. Kf2 Nxf1 38. Kg2 Nxe3+ 39. Kh3 g6 40.
Kh4 Kg7 41. f5 Nxf5+ 42. Kg4 Rc4+ 43. Kf3 Nd4+ 44. Kg2 Nxb5 45. h4 Rc2+ 46. Kf3
Kf6 47. g4 Ke5 48. h5 Nd4+ 49. Ke3 Rc3+ 50. Kd2 Bb4 51. hxg6 hxg6 52. g5 Rg3+
53. Kd1 Rg2 54. Kc1 Ke4 55. Kb1 Kd3 56. Ka1 Kc3 57. Kb1 b5 58. Ka1 Kb3 59. Kb1
Rg1# 0-1

[Event "DEM U12/U12w 2000"]
[Site "Überlingen GER"]
[Date "2000.06.06"]
[Round "5"]
[White "Zelba, Maurizio"]
[Black "Brehmer, Johann Hinrich"]
[Result "1/2-1/2"]
[Termination "normal"]
[Board "20"]
[WhiteElo "1728"]
[BlackElo "941"]
[PlyCount "46"]
[WhiteFideId "4677390"]
[EventCountry "GER"]
[EventRounds "11"]
[EventType "swiss"]
[EventDate "2000.06.03"]

1. d4 d5 2. c4 e6 3. Nc3 Nf6 4. Bg5 Be7 5. cxd5 exd5 6. Nf3 Bg4 7. Qb3 Bxf3 8.
gxf3 Nc6 9. e3 Na5 10. Qa4+ c6 11. Bd3 O-O 12. Rg1 Re8 13. Qc2 g6 14. f4 Nh5
15. Bxe7 Qxe7 16. O-O-O b6 17. f5 Ng7 18. Rg3 Rad8 19. Rdg1 Rd6 20. Rf3 Rf6 21.
Rfg3 Rd8 22. Re1 Rfd6 23. e4 Nxf5 1/2-1/2

[Event "DEM U12/U12w 2000"]
[Site "Überlingen GER"]
[Date "2000.06.06"]
[Round "5"]
[White "Reiske, Anne"]
[Black "Dathe, Fabian"]
[Result "1-0"]
[Termination "normal"]
[Board "21"]
[WhiteElo "1337"]
[BlackElo "1004"]
[PlyCount "99"]
[WhiteFideId "24635472"]
[EventCountry "GER"]
[EventRounds "11"]
[EventType "swiss"]
[EventDate "2000.06.03"]

1. d4 d5 2. c4 dxc4 3. e4 Nc6 4. Be3 Nf6 5. Nc3 e6 6. Bxc4 Bb4 7. Qd3 Bd7 8. a3
Bxc3+ 9. bxc3 O-O 10. Nf3 Na5 11. Ba2 Bc6 12. Nd2 Re8 13. e5 Ng4 14. Bf4 f6 15.
Qg3 f5 16. f3 g5 17. fxg4 gxf4 18. Qh3 Qg5 19. gxf5 Kh8 20. Rg1 exf5 21. g4
fxg3 22. Qxg3 Qxg3+ 23. Rxg3 Re7 24. Kf2 Rg7 25. Rxg7 Kxg7 26. Rg1+ Kh6 27. Nc4
Nxc4 28. Bxc4 Be4 29. Bf7 Rf8 30. e6 Bc6 31. h4 Be8 32. Bxe8 Rxe8 33. d5 Re7
34. Rg5 Rg7 35. Rxf5 Kg6 36. Rg5+ Kf6 37. Rxg7 Kxg7 38. Kf3 Kf6 39. Kf4 c6 40.
Ke4 cxd5+ 41. Kxd5 Ke7 42. a4 b6 43. c4 h5 44. Ke5 a5 45. Kd5 Kd8 46. Kd6 b5
47. cxb5 Kc8 48. e7 Kb7 49. e8=Q Kb6 50. Qb8# 1-0

[Event "DEM U12/U12w 2000"]
[Site "Überlingen GER"]
[Date "2000.06.06"]
[Round "5"]
[White "Ehrhardt, Eric"]
[Black "Rosenblatt, Marcus"]
[Result "0-1"]
[Termination "normal"]
[Board "22"]
[WhiteElo "1022"]
[BlackElo "1298"]
[PlyCount "52"]
[WhiteFideId "24602450"]
[BlackFideId "24627453"]
[EventCountry "GER"]
[EventRounds "11"]
[EventType "swiss"]
[EventDate "2000.06.03"]

1. e4 c5 2. d4 cxd4 3. c3 d6 4. Nf3 Nc6 5. cxd4 e6 6. Nc3 Qc7 7. Bb5 a6 8. Ba4
b5 9. Bb3 Be7 10. O-O Nf6 11. d5 Na5 12. Bc2 e5 13. Qe2 Nc4 14. Nd2 Nb6 15. Rd1
Bd7 16. Nb3 Rc8 17. Bd2 b4 18. Qxa6 bxc3 19. Bxc3 Na4 20. Ba5 Qxc2 21. Rac1 O-O
22. Rxc2 Rxc2 23. Rd2 Rxd2 24. Nxd2 Rc8 25. h3 Nc5 26. f3 Nxa6 0-1